[Event "Guadix"]
[Site "http://www.queenalice.com/game.php?id=1867305"]
[Date "2025.12.19"]
[Round "-"]
[White "Copelipon"]
[Black "Sph4444"]
[Result "1-0"]
[WhiteElo "1899"]
[BlackElo "2014"]

1. e4 e5 2. Bc4 Nf6 3. d4 d5 4. exd5 Nxd5 5. dxe5 Be6 6. Nf3 a6 7. Bd3 Bc5 8.
Ng5 h6 9. Nxe6 fxe6 10. Qh5+ Kd7 11. f4 Rf8 12. Qf3 Nc6 13. h4 Nxe5 14. Qe4
Nxd3+ 15. Qxd3 Rf5 16. c4 Qe7 17. cxd5 Rxd5 18. Qb3 b5 19. Nc3 Rd3 20. Qc2 Rd6
21. Ne4 Rd5 22. Nxc5+ Rxc5 23. Qe4 Rf8 24. Be3 Rd5 25. Rc1 Qb4+ 26. Ke2 Qxb2+
27. Rc2 Qf6 28. Rhc1 Rc8 29. g3 Ke8 30. Bd2 c5 31. Bb4 Rd4 32. Qb7 Qd8 33. Bxc5
Re4+ 34. Qxe4 1-0

[Event "Let's Play Chess!"]
[Site "http://www.queenalice.com/game.php?id=1869383"]
[Date "2026.3.5"]
[Round "-"]
[White "Mlintz"]
[Black "Sph4444"]
[Result "0-1"]
[WhiteElo "1835"]
[BlackElo "1944"]

1. e4 e5 2. Nf3 Nc6 3. d4 exd4 4. c3 dxc3 5. Nxc3 Bd6 6. Be2 Nf6 7. O-O O-O 8.
a3 b6 9. Re1 h6 10. Bd3 Re8 11. Qc2 Ne5 12. Nxe5 Bxe5 13. Be3 Bxc3 14. bxc3 d6
15. f3 c5 16. c4 a5 17. Qd2 Bb7 18. Bxh6 gxh6 19. Qxh6 Nh7 20. e5 Nf8 21. f4
dxe5 22. f5 Qxd3 23. Qg5+ Ng6 24. fxg6 Qxg6 25. Qd2 f5 26. Qc2 Be4 27. Qb2 f4
28. Qe2 f3 0-1

[Event "Eindhoven"]
[Site "http://www.queenalice.com/game.php?id=1869514"]
[Date "2026.2.21"]
[Round "-"]
[White "Fauquinelle"]
[Black "Sph4444"]
[Result "1-0"]
[WhiteElo "2044"]
[BlackElo "1957"]

1. e4 e5 2. Nf3 Nc6 3. Bc4 h6 4. d4 d6 5. dxe5 Be6 6. Bxe6 fxe6 7. exd6 Qxd6 8.
O-O O-O-O 9. Qxd6 Bxd6 10. Be3 Nf6 11. Nc3 Ng4 12. Rfe1 Nxe3 13. Rxe3 Nb4 14.
Re2 a6 15. a3 Nc6 16. e5 Be7 17. Kf1 Rd7 18. Rd1 Rxd1+ 19. Nxd1 Rd8 20. Ke1 g5
21. Ne3 Bc5 22. h3 Bd4 23. c3 Bxe5 24. Ng4 Bg7 25. Rxe6 Rd7 26. Nxh6 Re7 27.
Rxe7 Nxe7 28. Ng4 b5 29. Nxg5 Kd7 30. Ne4 Kc6 31. Ne3 a5 32. Kd1 Nd5 33. Ke2
Nf4+ 34. Kd2 Nd5 35. h4 Nxe3 36. Kxe3 Kd5 37. Nd2 c5 38. g4 1-0

[Event "Leiden"]
[Site "http://www.queenalice.com/game.php?id=1869515"]
[Date "2026.2.21"]
[Round "-"]
[White "Sph4444"]
[Black "Fauquinelle"]
[Result "0-1"]
[WhiteElo "1968"]
[BlackElo "2093"]

1. e4 c6 2. d4 d5 3. e5 Bf5 4. Bf4 e6 5. Bd3 Bg6 6. Bxg6 hxg6 7. Nf3 Be7 8. O-O
f6 9. Nc3 g5 10. Be3 g4 11. Nd2 f5 12. a3 Nd7 13. g3 Qc7 14. b4 Nh6 15. f3 O-O-O
16. fxg4 Nxg4 17. Re1 Nxe3 18. Rxe3 g5 19. Rf3 g4 20. Rf2 Bg5 21. Re2 Rdf8 22.
Kg2 f4 23. Rf2 f3+ 24. Kh1 Be3 25. Rf1 Bxd4 26. Nxd5 cxd5 27. Rb1 Bxe5 0-1

[Event "Halifax"]
[Site "http://www.queenalice.com/game.php?id=1870120"]
[Date "2026.3.5"]
[Round "-"]
[White "alow_proton"]
[Black "Sph4444"]
[Result "0-1"]
[WhiteElo "2070"]
[BlackElo "1956"]

1. e4 e5 2. f4 exf4 3. Nf3 g5 4. d4 f6 5. Bc4 d6 6. Nc3 Qe7 7. O-O Bg4 8. Qd3
Nc6 9. Bb5 O-O-O 10. Bxc6 bxc6 11. Qa6+ Kd7 12. d5 cxd5 13. exd5 Ke8 14. Bd2 Qd7
15. Qxa7 Be7 16. Nd4 c5 17. Qxd7+ Rxd7 18. Nc6 Bf5 19. Rac1 Nh6 20. h3 Nf7 21.
Nb5 Ne5 22. Nxe7 Kxe7 23. b3 h5 24. Rf2 Ng6 25. c4 Ne5 26. Rff1 Nd3 27. Ra1 Kf7
28. Rfd1 Nb2 29. Re1 Nd3 30. Re2 h4 31. Kh2 Ne5 32. Rf2 Ng6 33. Re1 Ne5 34. Ra1
Ke7 35. a4 Bc2 36. Bxf4 Bxb3 37. Bxe5 fxe5 38. a5 Bxc4 39. Nc3 Ba6 40. Ne4 Bc4
41. Nc3 Rf8 42. Rb2 Ra8 43. Rb6 Rda7 44. Nb5 Rxa5 45. Rxa5 Rxa5 46. Nxd6 Bxd5
47. Nb7 Bxb7 48. Rxb7+ Kf6 49. Rb2 e4 50. Kg1 Ke5 51. Kf2 Ra3 52. Rc2 Kd4 53.
Rb2 Rg3 54. Rd2+ Kc3 55. Ra2 e3+ 56. Kf1 Kb3 57. Ra1 c4 58. Rb1+ Kc2 59. Rb5 c3
60. Rc5 Kd3 61. Rd5+ Ke4 62. Rc5 Kd4 63. Rc7 e2+ 64. Kxe2 Rxg2+ 65. Kd1 Rg3 66.
Rd7+ Ke5 67. Rb7 Rxh3 68. Rb5+ Kf4 69. Kc2 Re3 0-1

[Event "Hamilton"]
[Site "http://www.queenalice.com/game.php?id=1870121"]
[Date "2026.3.5"]
[Round "-"]
[White "Sph4444"]
[Black "alow_proton"]
[Result "0-1"]
[WhiteElo "1981"]
[BlackElo "2046"]

1. e4 c5 2. Bc4 Nc6 3. Nf3 d6 4. O-O Nf6 5. Nc3 Bg4 6. h3 Bh5 7. d3 Nd4 8. Bg5
Nxf3+ 9. gxf3 h6 10. Bh4 Nd7 11. Re1 a6 12. Bd5 Qc7 13. Re3 e6 14. Bc4 b5 15.
Nxb5 axb5 16. Bxb5 Be7 17. Bxe7 Kxe7 18. Qe1 Ne5 19. Kg2 Ng6 20. f4 Rab8 21. a4
Nxf4+ 22. Kg3 e5 23. b3 Ne6 24. Kh4 g6 25. Qd2 Kd8 26. Qc3 Qe7+ 27. Kg3 Ra8 28.
a5 Qg5+ 29. Kh2 Qf4+ 30. Kg1 Bf3 31. Kf1 Nd4 32. Bc4 Qh2 33. Bxf7 Qh1# 0-1

[Event "Cave Junction"]
[Site "http://www.queenalice.com/game.php?id=1870342"]
[Date "2026.3.12"]
[Round "-"]
[White "Capixaba789"]
[Black "Sph4444"]
[Result "0-1"]
[WhiteElo "1902"]
[BlackElo "1977"]

1. d4 d5 2. Nc3 Nf6 3. f4 e6 4. Nf3 Bd6 5. e3 O-O 6. Bd3 g6 7. O-O a6 8. Ne5 c5
9. Qf3 c4 10. Be2 b5 11. Nd1 Ne4 12. Nf2 Nxf2 13. Rxf2 Bb7 14. c3 f6 15. Ng4 f5
16. Ne5 Nd7 17. b4 a5 18. Ba3 axb4 19. Bxb4 Bxb4 20. cxb4 Nxe5 21. fxe5 Ra4 22.
a3 Qa8 23. h3 Rxa3 24. Rxa3 Qxa3 25. Bf1 Ra8 26. g3 Qxb4 27. Kh2 c3 28. Bd3 Qb3
29. Bc2 Qc4 0-1

[Event "Corvallis"]
[Site "http://www.queenalice.com/game.php?id=1870343"]
[Date "2026.3.12"]
[Round "-"]
[White "Sph4444"]
[Black "Capixaba789"]
[Result "1-0"]
[WhiteElo "2003"]
[BlackElo "1889"]

1. e4 e5 2. Nf3 d6 3. Bc4 Be7 4. O-O Nf6 5. d3 O-O 6. h3 a5 7. a4 Na6 8. Bxa6
Rxa6 9. c4 Be6 10. Nc3 c5 11. b3 b6 12. Nd5 Nxd5 13. cxd5 Bd7 14. Be3 Ra8 15.
Rc1 f5 16. exf5 Bxf5 17. g4 Bg6 18. Rc3 Bf6 19. g5 Be7 20. Nh2 Bxg5 21. Qg4 Bxe3
22. fxe3 Rxf1+ 23. Nxf1 Qf6 24. e4 Kh8 25. Rc2 Rf8 26. Ng3 Bf7 27. Rf2 Qe7 28.
Nf5 Qf6 29. Ng3 Qe7 30. Nf5 Qd8 31. Qxg7# 1-0

[Event "Encamp"]
[Site "http://www.queenalice.com/game.php?id=1870649"]
[Date "2026.3.18"]
[Round "-"]
[White "Capixaba789"]
[Black "Sph4444"]
[Result "0-1"]
[WhiteElo "1912"]
[BlackElo "1990"]

1. d4 d5 2. Nc3 Nf6 3. f4 Bf5 4. Nf3 e6 5. e3 Bb4 6. Bd2 Ne4 7. Nxe4 Bxd2+ 8.
Nexd2 Nc6 9. Bb5 Qd6 10. O-O a6 11. Ba4 b5 12. Bb3 Nb4 13. a3 Nc6 14. Re1 O-O
15. Ne5 f6 16. Nd3 Bxd3 17. cxd3 a5 18. Nf3 a4 19. Ba2 Rae8 20. b4 h6 21. Nh4 g5
22. fxg5 fxg5 23. Ng6 Rf6 24. Qh5 Kg7 25. Ne5 Ref8 26. Rac1 Nxe5 27. dxe5 Qxe5
28. d4 Qf5 29. h3 Qf2+ 30. Kh2 Qxa2 31. Rxc7+ R8f7 32. Rxf7+ Rxf7 33. Qg4 Rf6
34. Qg3 Qxa3 35. Qc7+ Kg6 36. Qe7 Qc3 37. Qe8+ Kg7 38. Qd7+ Rf7 39. Qxe6 Qxe1
0-1

[Event "Canillo"]
[Site "http://www.queenalice.com/game.php?id=1870650"]
[Date "2026.3.18"]
[Round "-"]
[White "Sph4444"]
[Black "Capixaba789"]
[Result "1/2-1/2"]
[WhiteElo "1993"]
[BlackElo "1912"]

1. e4 Nf6 2. Nc3 e5 3. Nf3 d6 4. Bc4 Be7 5. O-O O-O 6. d4 exd4 7. Nxd4 Bg4 8. f3
Bd7 9. a4 a5 10. Bg5 Nc6 11. Nxc6 Bxc6 12. Qd2 b6 13. Rad1 Bb7 14. b3 Nd7 15.
Bxe7 Qxe7 16. Nb5 Ne5 17. Be2 Rad8 18. c4 f5 19. h3 fxe4 20. f4 Ng6 21. Bh5 e3
22. Qd4 e2 23. Bxe2 Qxe2 24. Qf2 Qxf2+ 25. Rxf2 Rd7 26. g3 h5 27. f5 Ne5 28.
Rdf1 Rdf7 29. Nd4 g6 30. f6 c5 31. Ne6 Re8 32. Ng5 Rd7 33. f7+ Nxf7 34. Nxf7 Kg7
35. Nxd6 Ree7 36. Nxb7 Rxb7 37. Rf3 Re4 38. h4 Rg4 39. Kh2 Rd4 40. Kh3 Rdd7 41.
g4 hxg4+ 42. Kxg4 Rf7 43. h5 gxh5+ 44. Kxh5 Rxf3 45. Rxf3 Rf7 46. Rg3+ Kf8 47.
Rd3 Kg7 48. Kg4 Rf6 49. Rd5 1/2-1/2